| 000 | 00821cam a2200205 4500 | ||
|---|---|---|---|
| 001 | WB3645-13 | ||
| 008 | 000000n2000 000 0 eng u | ||
| 035 | _a(Sirsi) u109329 | ||
| 245 | _aHalf of dams risk crumbling | ||
| 260 | _c2000 | ||
| 490 |
_aTimes _v 13 November 2000, 7(1) |
||
| 520 | _aInsurance industry warns that up to 1,300 dams are at severe risk of crumbling. Global warming triggering extreme weather could increase 'overtopping' in which flood waters rise over the top of dams and erodes their earth embankments. Considers a report by the Chartered Insurance Institute on the impact of climate change in the UK. | ||
| 590 | _aWB | ||
| 650 | _aDAMS | ||
| 650 | _aGLOBAL WARMING | ||
| 650 | _aCLIMATE CHANGE | ||
| 650 | _aFLOODING | ||
| 690 | _aENVIRONMENTAL AND LAND CONSULTANCY | ||
| 942 | _n0 | ||
| 999 |
_c65257 _d65257 |
||